Plantas medicinales de regiones tropicales y subtropicales

Saved in:
Bibliografiske detaljer
Main Authors: Sievers, A. F (Author), Higbee, E. C (Author)
Format: Bog
Sprog:spansk
Udgivet: Washington, D.C Unión Panamericana 1948
Udgivelse:1a. ed
Serier:Publicaciones agrícolas, 154, 158
Fag:
Tags: Tilføj Tag
Ingen Tags, Vær først til at tagge denne postø!

MARC

LEADER 00000nam a2200000 a 4500
001 UCJ6525
003 CL-VaPUC
008 070124e19480000US |||||||||||||||||spa|d
082 0 4 |a 581  |b SIE  |2 21 
100 0 |a Sievers, A. F  |e author  |9 513315 
700 0 |a Higbee, E. C  |e author  |9 513316 
245 1 0 |a Plantas medicinales de regiones tropicales y subtropicales 
250 |a 1a. ed 
300 |a 80 p 
942 |c BK 
945 |d 20070124 00:00:00  |a rinostro 
260 |a Washington, D.C  |b Unión Panamericana  |c 1948 
650 0 |a Botánica  |9 264202 
650 0 |a Medicina alternativa   |9 513088 
650 0 |a Plantas medicinales  |9 334373 
650 0 |a Ilustraciones  |9 369481 
651 0 |a América  |9 255182 
651 0 |a África  |9 256790 
651 0 |a Asia  |9 268338 
583 |a last modification  |c 20070124 00:00:00  |k Rodrigo Vera 
490 0 |a Publicaciones agrícolas, 154, 158 
999 |c 322628  |d 322626 
952 |0 0  |1 0  |4 0  |6 581_000000000000000_SIE_1948  |7 0  |8 X  |9 401670  |a FDOBUD  |b FDOBUD  |d 2019-11-22  |i 1049364  |o 581 SIE 1948  |p 1049364  |r 2019-11-22  |w 2019-11-22  |y BK_X  |k BUD